000 00695nam a22001937a 4500
001 BD-DhSAU 10499
003 BD-DhSAU
005 20150627151244.0
008 150224b1397 bg ||||r|||| 00| 0 b d
040 _aBD-DhSAU
082 _222
_a...
_bচট্টোচ
100 _a চট্টোপাধ্যায়, শরৎচন্দ্র
245 _aচন্দ্রনাথ /
_cশরৎচন্দ্র চট্টোপাধ্যায়
260 _aঢাকা :
_bআনন্দ প্রকাশন,
_c১৩৯৭.
300 _a২১৮ পৃ. :
_c২২ সে মি।।
590 _aJerin
650 _aউপন্যাস
942 _2ddc
_cBOOK
999 _c10499
_d10498